LEADER 00894cam0-2200313---450- 001 990005549680403321 005 20150408110531.0 035 $a000554968 035 $aFED01000554968 035 $a(Aleph)000554968FED01 035 $a000554968 100 $a19990604d1979----km-y0itay50------ba 101 0 $aita 102 $aIT 105 $a--------001yy 200 1 $aPosizioni critiche del Novecento$fArnaldo Bocelli 210 $aRoma$ci Palombi$d1979 215 $a282 p.$d22 cm 225 1 $aQuaderni dell'Accademia dell'Arcadia$v6 610 0 $aCritica letteraria italiana$aSec. 20 676 $a801.950945$v22$zita 700 1$aBocelli,$bArnaldo$0192389 801 0$aIT$bUNINA$gRICA$2UNIMARC 901 $aBK 912 $a990005549680403321 952 $a801.95 BOC 1$bBibl.55580$fFLFBC 959 $aFLFBC 996 $aPosizioni critiche del Novecento$9165248 997 $aUNINA LEADER 00961nam0-22003011i-450- 001 990006175130403321 005 20070327113334.0 035 $a000617513 035 $aFED01000617513 035 $a(Aleph)000617513FED01 035 $a000617513 100 $a20000112d1968----km-y0itay50------ba 101 0 $aita 102 $aIT 105 $a--------00-yy 200 1 $a<>dottrina sull'episcorato nel capitolo III dalla costituzione dommatica Lumen Gentium$esussidio per la lettura del testo$fUmberto Betti. 210 $aRoma$cCitta' Nuova Ed.$d1968 215 $a453 p.$d24 cm 676 $a262.9 700 1$aBetti,$bUmberto$f<1922-2009>$0205971 801 0$aIT$bUNINA$gRICA$2UNIMARC 901 $aBK 912 $a990006175130403321 952 $aIII F 195$b91929$fFGBC 952 $aIII NN 19$b647$fDCEC 959 $aDCEC 996 $aDottrina sull'episcorato nel capitolo III dalla costituzione dommatica Lumen Gentium$9647131 997 $aUNINA